|
|
|
|
| LEADER |
01573cas a2200241 a 4500 |
| 001 |
AALejournalIMF020587 |
| 008 |
230101c9999 xx r poo 0 0eng d |
| 020 |
|
|
|c 5.00 USD
|
| 020 |
|
|
|z 9781498342711
|
| 022 |
|
|
|a 2663-3493
|
| 040 |
|
|
|a BD-DhAAL
|c BD-DhAAL
|
| 110 |
2 |
|
|a International Monetary Fund.
|
| 245 |
1 |
0 |
|a Update on the Financing of the Fund's Concessional Assistance and Debt Relief to Low-Income Member Countries.
|
| 264 |
|
1 |
|a Washington, D.C. :
|b International Monetary Fund,
|c 2014.
|
| 300 |
|
|
|a 1 online resource (37 pages)
|
| 490 |
1 |
|
|a Policy Papers
|
| 500 |
|
|
|a <strong>Off-Campus Access:</strong> No User ID or Password Required
|
| 500 |
|
|
|a <strong>On-Campus Access:</strong> No User ID or Password Required
|
| 506 |
|
|
|a Electronic access restricted to authorized BRAC University faculty, staff and students
|
| 520 |
3 |
|
|a New commitments under programs supported by the Poverty Reduction and Growth Trust (PRGT) amounted to SDR 0.6 billion during the first nine months of 2014, and disbursements on existing arrangements amounted to about SDR 0.3 billion through end-August. While this level of demand is low by historical standards, new commitments for 2014 as a whole could still exceed SDR 1 billion. These projections are, however, subject to considerable uncertainty regarding progress with ongoing program negotiations.
|
| 538 |
|
|
|a Mode of access: Internet
|
| 830 |
|
0 |
|a Policy Papers; Policy Paper ;
|v No. 2014/017
|
| 856 |
4 |
0 |
|z Full text available on IMF
|u http://elibrary.imf.org/view/journals/007/2014/017/007.2014.issue-017-en.xml
|z IMF e-Library
|